Popular Foods 1 - Statistics

General Stats
  • This quiz has been taken 70 times
  • The average score is 13 of 16
Answer Stats
Picture Answer % Correct
Pizza
100%
Pancake
98%
Sushi
97%
Corn
95%
Chips
94%
Fries
94%
Taco
94%
Cake
91%
Burger
88%
Chicken
81%
Steak
80%
Nachos
75%
Turkey
75%
Muffin
69%
Yogurt
66%
Macaroni and Cheese
52%
No matching quizzes found
Score Distribution
Percent of People with Each Score
Percentile by Number Answered
Your Score History
You have not taken this quiz